Vista normal
Vista MARC
Entrada Genre/Form Term
Número de registros utilizados en: 1
001 - CONTROL NUMBER
- control field: 3867
003 - CONTROL NUMBER IDENTIFIER
- control field: OSt
005 - DATE AND TIME OF LATEST TRANSACTION
- control field: 20240530114603.0
008 - FIXED-LENGTH DATA ELEMENTS
- fixed length control field: 240530|| aca||aabn | a|a d
040 ## - CATALOGING SOURCE
- Original cataloging agency: OSt
- Transcribing agency: OSt
155 ## - HEADING--GENRE/FORM TERM
- Genre/form term: Cuello: Coronal
670 ## - SOURCE DATA FOUND
- Source citation: Work cat.: (OSt)809: Möller, Torsten B. 2, Atlas de bolsillo de Cortes Anatómicos. Tomografía Computarizada y Resonancia Magnética. , 2009.